000 00695nam a2200205 a 4500
001 000040498
005 20201002034154.0
008 130826s1993 mx 000 0 spa d
020 _a9685825793
040 _aDO-SdBNP
_bspa
_cBNPHU
245 0 3 _aEl Renacimiento :
_bperiódico literario (México, 1869) /
_cpresentación de Huberto Batis.
260 _aMéxico :
_bUniversidad Autónoma de México,
_c1993.
300 _a2 v. :
_b: il. ;
_c30 cm.
500 _aSegunda reimpresión 1993
500 _aTexto a dos columnas
500 _aEdición facsimilar.
500 _a2 tomos en 1 volumen.
701 _aBatis, Huberto, 1934-
710 2 _aUniversidad Nacional Autónoma de México
_942447
999 _c39988
_d39988